Бизнес школа за хора, които обичат да помагат на другите (Запис номер 175625)
[ съкратено ]
| 000 -Лидер | |
|---|---|
| Контролно поле с фиксирана дължина | 02512nam a2200433 c 4500 |
| 003 - Код на организацията, давaща контролен номер | |
| Контролно поле | BLK |
| 005 - Дата и час на последна редакция | |
| Контролно поле | 20250212124957.0 |
| 008 - Елементи от данни с фиксирана дължина | |
| fixed length control field | 180411b bul|||||r ||||||| ||bul|| |
| 010 ## - Наследен системен номер | |
| LC control number | KNG00184219000 |
| 020 ## - Международен стандартен номер на книга ISBN | |
| Международен стандартен номер на книга ISBN | 954-9882-18-7 |
| -- | издат.: Анхира - (грешен) |
| 040 ## - Източник на каталожния запис | |
| Идентификатор на билиотеката - собственик на записа | BLK |
| 041 ## - Код за език | |
| Код за езика на текст/звукозапис или на отделно заглавие | Български |
| Код за езика КДБФ | Български |
| 072 #7 - Код за тематичната категория | |
| Код организация | bullib |
| Код за тематична категория | Н33 |
| Текст | Икономика Н |
| 080 ## - УДК | |
| Текстов определител УДК | Пазар. Анализ на пазара. Търсене. Предлагане. Конкуренция. Маркетингова логистика |
| УДК код - определител по УДК | 339.13 |
| УДК определител | (02.062) |
| УДК - код + определител | 339.13(02.062) |
| 080 ## - УДК | |
| Текстов определител УДК | Икономическа психология. Икономическо поведение. Физиологични и психологични елементи. Интереси. Икономически дух |
| УДК код - определител по УДК | 330.16 |
| УДК определител | (02.062) |
| УДК - код + определител | 330.16(02.062) |
| 100 1# - Редна дума - Автор | |
| Автор | Кийосаки, Робърт |
| Авторска отговорност | първи автор |
| R(LIN) | 374208 |
| 139 ## - Редно поле | |
| Редна дума | Кийосаки, Робърт и др. |
| Авторски знак | Кес - К 53 |
| 245 10 - Сведения за заглавието | |
| Заглавие | Бизнес школа за хора, които обичат да помагат на другите |
| Подзаглавни данни | Ценностите на мрежовия маркетинг (освен правенето на пари) |
| Редно поле (дума) | Робърт Кийосаки; съвм. с Шарън Л. Лехтър; прев. от англ. Красимира Иванова Матева. |
| 250 ## - Област на изданието | |
| Сведения за изданието | 2. доп. изд. |
| 257 ## - Страна на издаване | |
| Страна на създаване/издаване | Съединени американски щати |
| 260 ## - Област на издателските данни | |
| -- | София |
| Име на издателя, разпространителя и проч. | Анхира |
| Година на издаване | 2003 |
| Печатница | София : Инвестпрес |
| 300 ## - Физическа характеристика | |
| Страници | 160 с. |
| Размери/Мащаб | 20 см |
| 380 ## - Жанр | |
| Жанр | Обществени науки |
| 500 ## - Общи забележки | |
| Забележка | 1. изд. 2002. - Ориг. загл. The Business School for People Who Like Helping People / Robert T. Kiyosaki, Sharon L. Lechter. - Съдържа и За авторите и тяхната мисия. - Офс. изд. |
| 650 #4 - Допълнително описание по предмет – тема | |
| Основно описание – тема или топоним | Маркетинг - популярна литература |
| 9 (RLIN) | 340254 |
| 650 #4 - Допълнително описание по предмет – тема | |
| Основно описание – тема или топоним | Икономическо поведение - популярна литература |
| 9 (RLIN) | 263288 |
| 653 ## - Ключова дума – ненормативна | |
| Ключова дума | бизнес |
| 653 ## - Ключова дума – ненормативна | |
| Ключова дума | мрежов маркетинг |
| 653 ## - Ключова дума – ненормативна | |
| Ключова дума | икономическо поведение |
| 659 ## - Тематичен бюлетин | |
| Тематичен бюлетин | Н |
| 700 1# - Други автори (авторска отговорност) | |
| Лично име | Лехтър, Шарън Л. |
| Автороска отговорност (Описва отношението между автора и произведението) | съвм. с |
| 9 (RLIN) | 88603 |
| 700 1# - Други автори (авторска отговорност) | |
| Лично име | Матева, Красимира Иванова |
| Дати, свързани с автора | 1962 - |
| 9 (RLIN) | 94117 |
| 852 ## - Местоположение | |
| Форматна сигнатура | Цб 277736 |
| 856 4# - Електронен адрес и достъп | |
| Електронен формат | pdf - файл |
| Път до файла /url/ | |
| 856 4# - Електронен адрес и достъп | |
| Електронен формат | pdf - файл |
| Път до файла /url/ | |
| 942 ## - АРТИКУЛИ | |
| Вид на библиотечния материал | Книги |
| Скрит в OPAC | Не |
| Koha issues (borrowed), all copies | 12 |
| 944 ## - СЪЗДАВАНЕ И РЕДАКЦИЯ на ЗАПИСА | |
| Създаване/Редакция | Създаване |
| Дата на регистрацията/редакция | 28.10.2015 |
| Статус, дата на статуса | Цветелина Шанова |
| Служител, извършил регистрацията/редакцията | 30531 |
| 944 ## - СЪЗДАВАНЕ И РЕДАКЦИЯ на ЗАПИСА | |
| Създаване/Редакция | Редакция |
| Дата на регистрацията/редакция | 17.01.2018 |
| Статус, дата на статуса | ф / |
| Служител, извършил регистрацията/редакцията | Людмила_Стоянова |
| 999 ## - СИСТЕМНИ КОНТРОЛНИ НОМЕРА | |
| Koha biblionumber | 175625 |
| Koha biblioitemnumber | 175625 |
| Код за отписване | Код за изгубен артикул | Код за повреда | Коз за рестрикции | Код за отдаване | Артикулен № | Име на библиотеката - собственик | Име на библиотеката, в която се намира в момента | Статус (Текущо местоположение) | Дата на вписване в системата | Местоположение - отдел | Цена в лева | Инвентарен номер | Систематично азбучна сигнатура | Баркод | Номер на екземпляра | Цена в евро | Служебна бележка | Служебен тип на артикула | Източник на класификационната схема |
|---|---|---|---|---|---|---|---|---|---|---|---|---|---|---|---|---|---|---|---|
| Не е изгубен | Не е повреден | без рестрикции | заемане за дома | 302293 | Регионална библиотека "Любен Каравелов" Русе | Регионална библиотека "Любен Каравелов" Русе | Заемна - подръчен фонд | 2015-10-28 | Заемна - подръчен фонд | 4.68 | 120000794170 | П 339/К 53 | 120000794170 | 1 | 2.39 | Дост: Pk Вид: Ф N: 551 Дата: 15.10.2015 Дата инв: 05.02.2018 Бележки инв: П2018 | Книги | ||
| Не е изгубен | Не е повреден | без рестрикции | заемане за дома | 302294 | Регионална библиотека "Любен Каравелов" Русе | Регионална библиотека "Любен Каравелов" Русе | Заемна - подръчен фонд | 2017-12-14 | Заемна - подръчен фонд | 6.00 | 120000817974 | П 339/К 53 | 120000817974 | 2 | 3.07 | Дост: DA Вид: А N: 44 Дата: 14.12.2017 Дата инв: 05.02.2018 Бележки инв: П2018 | Книги | ||
| Не е изгубен | Не е повреден | само за читалня | ползва се в читалня | 932957 | Регионална библиотека "Любен Каравелов" Русе | Регионална библиотека "Любен Каравелов" Русе | Хранилище | 2023-08-17 | Основен фонд - ползва се само за читалня | 6.00 | 120000892115 | Цб 319539 | 120000892115 | 3.07 | Книги | Universal Decimal Classification |